Music Quiz

Random Music or Bands Quiz

'90s Bands: Highest Charting Single Quiz Stats

Quiz Updated Oct 12, 2016

Challenge
Share
Tweet
Embed
Score 0/30 Timer 07:00
1 Play Today
Band Song % Correct
NirvanaSmells Like Teen Spirit
92.7%
OasisWonderwall
85.3%
Red Hot Chili PeppersUnder The Bridge
68.4%
R.E.M.Losing My Religion
67.8%
BeckLoser
64.7%
RadioheadCreep
63.4%
Barenaked LadiesOne Week
56.3%
Spin DoctorsTwo Princes
51.8%
AerosmithI Don't Want To Miss A Thing
51.7%
Marcy PlaygroundSex and Candy
51.6%
Blind MelonNo Rain
50.3%
The OffspringPretty Fly (For A White Guy)
46.2%
Blink 182All The Small Things
45.7%
Crash Test DummiesMmm Mmm Mmm Mmm
44.6%
Third Eye BlindSemi-Charmed Life
34%
Band Song % Correct
Soul AsylumRunaway Train
31.1%
Fatboy SlimPraise You
29.7%
The ProdigyFirestarter
29.6%
LitMy Own Worst Enemy
28.1%
The Verve PipeThe Freshmen
27.9%
Collective SoulShine
27.5%
Rage Against The MachineBulls On Parade
26.6%
The Black CrowesHard To Handle
23.1%
Pearl JamLast Kiss
20.6%
GarbageStupid Girl
20.2%
Better Than EzraGood
19.5%
HoleDoll Parts
12.8%
Gin BlossomsFollow You Down
12.3%
MetallicaUntil It Sleeps
9.1%
Alice in ChainsNo Excuses
6.2%

You're not logged in!

Compare scores with friends on all Sporcle quizzes.
Sign Up with Email
OR
Log In

You Might Also Like...

Show Comments

Extras

Top Quizzes Today


Score Distribution

Your Account Isn't Verified!

In order to create a playlist on Sporcle, you need to verify the email address you used during registration. Go to your Sporcle Settings to finish the process.